01767 a2200205 45000010006000000050017000060080041000230030015000640400040000790800038001192450092001570200018002492640025002673000024002925051102003160410008014181000015014267000021014418560099014624503620260407155725.0260407a1993 arg spa dAR-UNSa-BCEJYS aAR-UNSa-BCEJYSbspacAR-UNSa-BCEJYS a331.5xMercado de Trabajo. Empleo10aPoblación, fuerza de trabajo y empleopconceptos, tendencias y aspectos de política a92-2-308318-4 1aGinebra :bOITc1993 avii, 116 p.c29 cm. aI. Introducción - - II. Tendencias globales del empleo y el crecimiento del trabajo : 1. Crecimiento de la Fuerza de Trabajo – 2. Visión Económica Global – 3. Reto del Empleo en los Países en Desarrollo - - III. Conceptos y aspectos de la medición : 1. Conceptos de la Fuerza de Trabajo – 2. Medición de la Actividad Económica y Algunos Problemas – 3. Subutilización Laboral - - IV. Determinantes de la oferta laboral y del crecimiento de la fuerza del trabajo : 1. Introducción – 2. Fecundidad, Mortalidad y Estructura de Edad – 3. Migración – 4. Factores Económicos, Sociales y Culturales - - V. Determinantes del empleo : 1. Introducción – 2. Naturaleza y Estructura del Empleo en Países en Desarrollo – 3. Determinantes del Crecimiento de la Demanda Laboral – 4. Determinantes del Crecimiento del Empleo en el Sector del Autoempleo - - VI. Aspectos de política y consideraciones para los países en desarrollo : 1. Causa de la Brecha y el Empleo – 2. Consideraciones de la oferta – 3. Desarrollo Orientado al Empleo - - VII. Conclusión.  aspa1 aOfosu, Yaw1 aFarooq, Ghazi M.41uhttps://www.biblioeco.unsa.edu.ar/pmb/images/libros/L127060.jpgyImagen de portadaqimage/jpeg